Statistics for music trivia: 1967 songs and artists

Click here to take the quiz!

General Stats

  • This quiz has been taken 128 times
  • The average score is 7 of 15

Answer Stats

HintAnswer% Correct
A Day in the LifeThe Beatles
87%
A Whiter Shade of PaleProcol Harum
70%
I Can See for MilesThe Who
70%
Soul ManSam & Dave
64%
Waterloo SunsetThe Kinks
64%
The LetterThe Box Tops
60%
Up Up and AwayThe Fifth Dimension
54%
Ode to Billie JoeBobby Gentry
48%
San Francisco (Be Sure to Wear Flowers in Your Hair)Scott Mckenzie
46%
(Your Love Keeps Lifting Me) Higher & HigherJackie Wilson
37%
Baby Now That I've Found YouThe Foundations
33%
AlfieDionne Warwick
32%
Tell It Like It IsAaron Neville
23%
Here We Go AgainRay Charles
21%
Sisters of MercyLeonard Cohen
15%

Score Distribution

Percentile by Number Answered

Percent of People with Each Score

Your Score History

You have not taken this quiz